000 00553nam a2200181Ia 4500
005 20250508161709.0
008 008 250505s9999 xx 000 0 eng d
037 _aTextual
040 _aFEDL
_beng
_cFEDL
041 _aeng
_2eng
084 _a371.96, COH
_qFEDL
100 _aCohen S Alan
_9771379
245 0 _aTeach them all to read : Theory, methods and materials for teaching the disadvantaged
260 _aNew York, USA
_bRandom House
_c1969
300 _axiii,329p
942 _cTEXL
_h371.96, COH
999 _c1371608
_d1371608